| 000 | 01076cam a2200313 i 4500 | ||
|---|---|---|---|
| 001 | 000007647 | ||
| 003 | DO-SdBNP | ||
| 005 | 20251105110124.0 | ||
| 007 | ta | ||
| 008 | 810527s1968 sp 000 0 spa d | ||
| 040 |
_aDO-SdBNP _bspa _cBNPHU _erda |
||
| 049 | _aBNGR | ||
| 082 | 4 |
_a980 _bC671p _222 |
|
| 100 | 1 |
_aCodón, José María. _d1913-2003 _eautor _4aut. _921212 |
|
| 245 | 1 | 0 |
_aPresencia de Burgos en la conquista de América / _cJosé María Codón. |
| 264 |
_aMadrid, España : _bEdiciones Cultura Hispánica, _c1968. |
||
| 300 |
_a56 páginas ; _c25 cm. |
||
| 336 |
_atexto _btxt _2rdacontent |
||
| 337 |
_asin mediación _bn _2rdamedia |
||
| 338 |
_avvolumen _bnc _2rdacarrier |
||
| 500 | _a"Discurso de ingreso en la Institución Fernán González, 12 de octubre de 1951." | ||
| 504 | _aBibliografía : páginas 53-56 | ||
| 590 | _aInventariado, 2024/BT | ||
| 651 | 4 |
_aAmérica Latina _xHistoria _91786 |
|
| 651 | 0 |
_aAmérica Latina _xCivilización _916665 |
|
| 651 | 4 |
_aAmérica Latina _xPolítica y gobierno _92618 |
|
| 910 | _aBtavárez | ||
| 942 |
_2ddc _cLF2 |
||
| 999 |
_c7427 _d7427 |
||